Estudio de Opinión Pública Unimer RI - La Nación setiembre - octubre de 1999: efectuada del 23 de setiembre al 5 de octubre /
Salvato in:
| Autore principale: | |
|---|---|
| Ente Autore: | |
| Altri autori: | |
| Natura: | testo |
| Pubblicazione: |
San José:
Unimer
|
| Soggetti: | |
| Tags: |
Aggiungi Tag
Nessun Tag, puoi essere il primo ad aggiungerne!!
|
MARC
| LEADER | 00000 a a2200000 04500 | ||
|---|---|---|---|
| 001 | 27685 | ||
| 003 | |||
| 040 | |||
| 090 | |a 185910 |b ENCUESTA | ||
| 100 | |a Paniagua, Carlos G. | ||
| 110 | |a Unimer Research International | ||
| 245 | |a Estudio de Opinión Pública Unimer RI - La Nación setiembre - octubre de 1999: efectuada del 23 de setiembre al 5 de octubre / |c Carlos G. Paniagua | ||
| 260 | |a San José: |b Unimer | ||
| 300 | |a 75 p. y s.p; 3 vol. |b **no definido** |b fonodiscos | ||
| 650 | |a OPINION PUBLICA | ||
| 650 | |a DEPORTES | ||
| 650 | |a OCIO | ||
| 650 | |a RECREACION | ||
| 650 | |a JUEGOS | ||
| 650 | |a DEPORTES | ||
| 700 | |a García S, Cathalina | ||
| 999 | |c 11093 |d 11093 | ||
